| 000 | 00425nam a2200193Ia 4500 | ||
|---|---|---|---|
| 001 | 002675 | ||
| 003 | YMCAF | ||
| 005 | 20230512160152.0 | ||
| 008 | 100717s1966 ||||||||||||||||| ||und|d | ||
| 024 | _a2675 | ||
| 035 | _a2655 | ||
| 040 |
_aYMCAF _beng _cIN-KoLT |
||
| 041 | _aeng | ||
| 082 | _aCOD-I.S | ||
| 100 | _aI.S.I. | ||
| 245 | 0 | _aCODE FOR THE PRACTICE FOR USE OF MATER | |
| 260 |
_bI.S.I. _c1966 |
||
| 942 |
_2ddc _cBK |
||
| 999 |
_c2184 _d2184 |
||